000 00719 a2200193 4500
005 20080908172451.0
008 080908t xxu||||| |||| 00| 0 eng d
010 _aENG-87703
020 _a007066675X
_c199.00
035 _aEN-71236
037 _bDBAD / PUB
082 _a620.112
100 _aSarkar, Brajendra Kumar
245 _aStrength of materials
_cby Brajendra Kumar Sarkar
260 _aNew Delhi
_bTata McGraw-Hill Publishing
_c2008
300 _axv, 297p.
_c23cm.(pbk)
942 _adpl
_cEN
_k620.112 / SAR
_2ddc
_h620.112
_mSAR
999 _c6841
_d6841